<?xml version="1.0" encoding="UTF-8"?>
<collection xmlns="http://www.loc.gov/MARC21/slim">
 <record>
  <leader>01762pamaa2200217   4500</leader>
  <controlfield tag="001">0000047138</controlfield>
  <controlfield tag="005">20121206090000.0</controlfield>
  <controlfield tag="008">100603                             eng  </controlfield>
  <datafield tag="020" ind1="0" ind2="0">
   <subfield code="a">9780691130880 (pbk.) </subfield>
  </datafield>
  <datafield tag="090" ind1="0" ind2="0">
   <subfield code="a">QA303.2 </subfield>
   <subfield code="b">BAN 2007</subfield>
  </datafield>
  <datafield tag="100" ind1="1" ind2="0">
   <subfield code="a">Banner </subfield>
  </datafield>
  <datafield tag="245" ind1="1" ind2="4">
   <subfield code="a">The calculus lifesaver : </subfield>
   <subfield code="b">all the tools you need to excel at calculus  </subfield>
   <subfield code="c">Adrian Banner.</subfield>
  </datafield>
  <datafield tag="260" ind1="0" ind2="0">
   <subfield code="a">Princeton, NJ: </subfield>
   <subfield code="b">Princeton University Press, </subfield>
   <subfield code="c">2007.</subfield>
  </datafield>
  <datafield tag="300" ind1=" " ind2=" ">
   <subfield code="a">xxi, 728 p.: </subfield>
   <subfield code="b">ill.; </subfield>
   <subfield code="c">26 cm.</subfield>
  </datafield>
  <datafield tag="440" ind1="0" ind2="0">
   <subfield code="a">A Princeton lifesaver study guide</subfield>
  </datafield>
  <datafield tag="500" ind1="0" ind2="0">
   <subfield code="a">Includes index</subfield>
  </datafield>
  <datafield tag="501" ind1="0" ind2="0">
   <subfield code="a">FAS</subfield>
  </datafield>
  <datafield tag="505" ind1="0" ind2="0">
   <subfield code="a">Functions, graphs, and lines -- Review of trigonometry -- Introduction to limits -- How to solve limit problems involving polynomials -- Continuity anddifferentiability -- How to solve differentiation problems --Trig limits and derivatives -- Implicit differentiation and related rates -- Exponentials and logarithms -- Inverse functions and inverse trig functions -- The derivative and graphs -- Sketching graphs -- Optimization and linearization-- L'Hp̥ital's Rule and overview of limits -- Introduction to integration -- Definite integrals -- The fundamental theorems of calculus -- Techniques of integration, part one -- Techniques of integration, part two -- Improper integrals : basic concepts -- Improper integrals : how to solve problems -- Sequences and series : basic concepts -- How to solve series problems -- Taylor polynomials, Taylor series, and power series -- How to solve estimation problems -- Taylor and power series : how to solve problems -- Parametric equations and polar coordinates -- Complex numbers -- Volumes, arc lengths, and surface areas -- Differentialequations</subfield>
  </datafield>
  <datafield tag="650" ind1="0" ind2="0">
   <subfield code="a">Calculus </subfield>
  </datafield>
  <datafield tag="650" ind1="0" ind2="0">
   <subfield code="a">Calcul infinitesimal </subfield>
  </datafield>
  <datafield tag="901" ind1=" " ind2=" ">
   <subfield code="u">www.pup.princeton.edu</subfield>
  </datafield>
 </record>
</collection>
